Score 0/30 Timer 02:00
0 Plays Today
% Correct
MAN
85%
ESE
84.6%
ANI
84.4%
ENC
84.3%
NGL
83%
JAP
82.9%
ILI
82.3%
URK
80.3%
KAA
78.8%
ALI
78.4%
RIN
76.1%
UES
74.6%
AEL
73.3%
NSK
71.2%
RUS
70.7%
% Correct
UNJ
70.2%
ULU
70.2%
ABI
68.3%
ITA
67.9%
WED
66.9%
RDU
65.6%
IND
64.3%
ERS
62.7%
NIS
62.3%
ALA
61.9%
PAL
60.9%
ORE
59%
MIL
48%
HAR
39.4%
UGU
32.4%
Remove Ads.
Support Sporcle.
Get the best of Sporcle when you Go Orange. This ad-free experience offers more features, more stats, and more fun while also helping to support Sporcle. Thank you for becoming a member.

You're not logged in!

Compare scores with friends on all Sporcle quizzes.
OR
Log In

Show Comments

Extras

Top Quizzes Today


Score Distribution

Your Account Isn't Verified!

In order to create a playlist on Sporcle, you need to verify the email address you used during registration. Go to your Sporcle Settings to finish the process.

Report this User

Report this user for behavior that violates our Community Guidelines.

Details: